[Event "SVK-chT3A2 2223"]
[Site "Slovakia"]
[Date "2023.02.05"]
[Round "6.7"]
[White "Krakovsky, Peter1111"]
[Black "Vlkovic, Pavol"]
[Result "1-0"]
[WhiteElo "1657"]
[BlackElo "1763"]
[PlyCount "69"]
[EventDate "2022.10.16"]
[EventType "team-tourn"]
[EventRounds "9"]
[EventCountry "SVK"]
[SourceTitle "EXT 2024"]
[Source "ChessBase"]
[SourceDate "2023.10.10"]
[SourceVersion "1"]
[SourceVersionDate "2023.10.10"]
[SourceQuality "1"]
[WhiteTeam "Skalica"]
[BlackTeam "Cifer II"]
[WhiteTeamCountry "SVK"]
[BlackTeamCountry "SVK"]

1. e4 Nf6 2. Nc3 d6 3. g3 g6 4. Bg2 Bg7 5. Nge2 e5 6. 0-0 c6 7. d3 0-0 8. Rb1 a5 9. h3 Na6 10. Be3 Rb8 11. f4 Ne8 12. f5 gxf5 13. exf5 d5 14. d4 e4 15. b3 b5 16. Qd2 Rb7 17. Bh6 f6 18. Be3 Kh8 19. g4 Rg8 20. Ng3 Bf8 21. Nce2 Bd6 22. Bf4 b4 23. Rbc1 Ng7 24. c4 Bxf4 25. Nxf4 Qd6 26. Qe3 Ne8 27. cxd5 cxd5 28. Rxc8 Nac7 29. Ne6 Nb5 30. Rc5 Ng7 31. Nxg7 Kxg7 32. Nh5+ Kf7 33. Qh6 Nxd4 34. Qxh7+ Kf8 35. Rc8+ 1-0

[Event "SVK-chT3A2 1819"]
[Site "Slovakia"]
[Date "2019.02.10"]
[Round "8.2"]
[White "Mezes, Kristof"]
[Black "Vlkovic, Pavol"]
[Result "0-1"]
[WhiteElo "1623"]
[BlackElo "1824"]
[PlyCount "100"]
[EventDate "2018.10.07"]
[EventType "team-tourn"]
[EventRounds "11"]
[EventCountry "SVK"]
[SourceTitle "EXT 2020"]
[Source "ChessBase"]
[SourceDate "2019.10.17"]
[SourceVersion "1"]
[SourceVersionDate "2019.10.17"]
[SourceQuality "1"]
[WhiteTeam "Dunajska Streda II"]
[BlackTeam "Cifer"]
[WhiteTeamCountry "SVK"]
[BlackTeamCountry "SVK"]

1. d4 Nf6 2. c4 e5 3. dxe5 Ng4 4. Nf3 Bc5 5. e3 Nc6 6. a3 a5 7. b3 Ngxe5 8. Bb2 Qe7 9. Nbd2 0-0 10. Nxe5 Nxe5 11. Nf3 Bd6 12. Bd3 Nxd3+ 13. Qxd3 Ra6 14. 0-0 Bc5 15. Nd4 Bxd4 16. Qxd4 Rg6 17. b4 d6 18. Kh1 Qg5 19. Qd5 Qh4 20. g3 Qh3 21. Qg2 Qh5 22. h4 Re8 23. Rad1 c6 24. Rd2 Bg4 25. f3 Be6 26. Rfd1 Bxc4 27. Rxd6 Bd5 28. Rxg6 Bxf3 29. Rxg7+ Kf8 30. Rf1 Bxg2+ 31. Kxg2 Re7 32. Rf2 Rxe3 33. Rg5 Qd1 34. Bg7+ Ke8 35. Bf6 Kd7 36. Rg8 Re8 37. Rg7 Qd5+ 38. Kh2 Re1 39. Kh3 h5 40. Rg5 Rh1+ 41. Rh2 Qe6+ 42. Kg2 Rxh2+ 43. Kxh2 Qxf6 44. Rxh5 axb4 45. axb4 Qb2+ 46. Kh3 Qxb4 47. Rg5 Ke7 48. h5 Qe4 49. Kh2 Kf6 50. Rc5 b6 0-1

[Event "SVK-chT3A2 1819"]
[Site "Slovakia"]
[Date "2019.01.13"]
[Round "6.1"]
[White "Janas, Peter"]
[Black "Vlkovic, Pavol"]
[Result "1-0"]
[WhiteElo "1760"]
[BlackElo "1824"]
[PlyCount "65"]
[EventDate "2018.10.07"]
[EventType "team-tourn"]
[EventRounds "11"]
[EventCountry "SVK"]
[SourceTitle "EXT 2020"]
[Source "ChessBase"]
[SourceDate "2019.10.17"]
[SourceVersion "1"]
[SourceVersionDate "2019.10.17"]
[SourceQuality "1"]
[WhiteTeam "Hlohovec"]
[BlackTeam "Cifer"]
[WhiteTeamCountry "SVK"]
[BlackTeamCountry "SVK"]

1. d4 Nf6 2. c4 e5 3. dxe5 Ng4 4. Nf3 Bc5 5. e3 Nc6 6. Be2 Ngxe5 7. 0-0 Nxf3+ 8. Bxf3 Ne5 9. Be2 0-0 10. b3 Re8 11. Bb2 a5 12. Nc3 Ra6 13. Na4 Ba7 14. c5 Rh6 15. g3 d6 16. Qc2 Qd7 17. f4 Ng4 18. Bxg4 Qxg4 19. Bd4 Bf5 20. Qd1 Qg6 21. Qd2 Rh3 22. Rf2 dxc5 23. Bxc5 b6 24. Ba3 h5 25. Re1 Be4 26. Qd7 Rxg3+ 27. hxg3 Qxg3+ 28. Kf1 Bc6 29. Qxc6 Rxe3 30. Rxe3 Qxe3 31. Qf3 b5 32. Qxe3 Bxe3 33. Rf3 1-0

[Event "SVK-chT4 A22 1819"]
[Site "Slovakia"]
[Date "2018.12.16"]
[Round "5.2"]
[White "Karel, Jozef"]
[Black "Vlkovic, Pavol"]
[Result "0-1"]
[WhiteElo "1704"]
[BlackElo "1824"]
[PlyCount "78"]
[EventDate "2018.10.14"]
[EventType "team-tourn"]
[EventRounds "11"]
[EventCountry "SVK"]
[SourceTitle "EXT 2020"]
[Source "ChessBase"]
[SourceDate "2019.10.17"]
[SourceVersion "1"]
[SourceVersionDate "2019.10.17"]
[SourceQuality "1"]

1. e4 Nf6 2. e5 Nd5 3. c4 Nb6 4. Nc3 d6 5. Nf3 Nc6 6. d4 Bg4 7. exd6 cxd6 8. Be3 e6 9. h3 Bh5 10. b3 Be7 11. Be2 0-0 12. 0-0 Bg6 13. Re1 d5 14. c5 Nc8 15. Bb5 Nb4 16. Rc1 a6 17. Bf1 Nc6 18. Qd2 h6 19. Bf4 Bf6 20. Ne5 Bh7 21. Be2 N8e7 22. g4 Ng6 23. Bd3 Nxf4 24. Bxh7+ Kxh7 25. Qxf4 Nxe5 26. dxe5 Bg5 27. Qb4 Bxc1 28. Rxc1 Rb8 29. Rd1 Qc7 30. Qd4 b6 31. Na4 b5 32. Nb6 f6 33. f4 fxe5 34. fxe5 Rf3 35. Kg2 Rbf8 36. a4 Rf2+ 37. Kg1 Qf7 38. Qd3+ Kh8 39. axb5 Qf4 0-1

[Event "SVK-chT4 A22 1718"]
[Site "Slovakia"]
[Date "2018.03.18"]
[Round "11.6"]
[White "Szocs, Ladislav"]
[Black "Vlkovic, Pavol"]
[Result "0-1"]
[WhiteElo "1833"]
[BlackElo "1802"]
[PlyCount "68"]
[EventDate "2017.10.01"]
[EventType "team-tourn"]
[EventRounds "11"]
[EventCountry "SVK"]
[SourceTitle "EXT 2020"]
[Source "ChessBase"]
[SourceDate "2019.10.17"]
[SourceVersion "1"]
[SourceVersionDate "2019.10.17"]
[SourceQuality "1"]

1. e4 d6 2. d4 Nd7 3. Nf3 e5 4. Nc3 c6 5. a4 a5 6. Be2 Ngf6 7. 0-0 Be7 8. h3 Qc7 9. Be3 Nf8 10. Bc4 Ng6 11. Bb3 0-0 12. Bg5 h6 13. Be3 Re8 14. Qd2 Bf8 15. d5 Nh5 16. Ne2 Qe7 17. g4 Nhf4 18. Nxf4 exf4 19. Bb6 Qxe4 20. Nd4 Nh4 21. f3 Qg6 22. dxc6 bxc6 23. Nxc6 Ba6 24. Rf2 Re2 25. Qd5 Rae8 26. Rxe2 Rxe2 27. Nd8 Rg2+ 28. Kh1 Rg3 29. Nxf7 Rxh3+ 30. Kg1 Nxf3+ 31. Kf2 Rh2+ 32. Kxf3 Be2+ 33. Kxf4 Qxg4+ 34. Ke3 Qg3+ 0-1

[Event "SVK-chT4 A22 1718"]
[Site "Slovakia"]
[Date "2018.01.28"]
[Round "8.2"]
[White "Kosar, Mikulas1111"]
[Black "Vlkovic, Pavol"]
[Result "0-1"]
[WhiteElo "1615"]
[BlackElo "1802"]
[PlyCount "82"]
[EventDate "2017.10.01"]
[EventType "team-tourn"]
[EventRounds "11"]
[EventCountry "SVK"]
[SourceTitle "EXT 2020"]
[Source "ChessBase"]
[SourceDate "2019.10.17"]
[SourceVersion "1"]
[SourceVersionDate "2019.10.17"]
[SourceQuality "1"]

1. e4 Nf6 2. e5 Nd5 3. Bc4 c6 4. d4 e6 5. a3 d6 6. Nf3 Nd7 7. Bb3 dxe5 8. Nxe5 Nxe5 9. dxe5 Qc7 10. Qe2 Ne7 11. Nd2 Ng6 12. Nf3 Be7 13. Bd2 0-0 14. 0-0 h6 15. Rfe1 c5 16. Bc4 b6 17. Bd3 a5 18. a4 Bb7 19. Be4 Bxe4 20. Qxe4 Rad8 21. Rad1 Rd7 22. h4 Nxh4 23. Nxh4 Rd4 24. Qf3 Bxh4 25. g3 Be7 26. b3 Rfd8 27. Bc3 R4d5 28. Rxd5 Rxd5 29. Qe4 Qd8 30. Kf1 Bf8 31. Ke2 g6 32. Kf1 Bg7 33. Qg4 h5 34. Qf3 Bh6 35. Qe4 Bd2 36. Bxd2 Rxd2 37. Re2 Rd1+ 38. Re1 Rd4 39. Qe2 h4 40. Kg2 hxg3 41. fxg3 Rd2 0-1

[Event "SVK-chT4 A22 1718"]
[Site "Slovakia"]
[Date "2018.01.14"]
[Round "7.5"]
[White "Rau, Vladimir"]
[Black "Vlkovic, Pavol"]
[Result "0-1"]
[WhiteElo "1692"]
[BlackElo "1802"]
[PlyCount "24"]
[EventDate "2017.10.01"]
[EventType "team-tourn"]
[EventRounds "11"]
[EventCountry "SVK"]
[SourceTitle "EXT 2020"]
[Source "ChessBase"]
[SourceDate "2019.10.17"]
[SourceVersion "1"]
[SourceVersionDate "2019.10.17"]
[SourceQuality "1"]

1. d4 c5 2. dxc5 e6 3. Nf3 Bxc5 4. Nc3 Nc6 5. Bf4 a6 6. e3 Nf6 7. Be2 d5 8. 0-0 Bd6 9. Bxd6 Qxd6 10. e4 d4 11. e5 Nxe5 12. Qxd4 Nxf3+ 0-1

[Event "SVK-chT3A2 1718"]
[Site "Slovakia"]
[Date "2017.12.17"]
[Round "6.4"]
[White "Vlkovic, Pavol"]
[Black "Mezes, Kristof"]
[Result "1-0"]
[WhiteElo "1802"]
[BlackElo "1415"]
[PlyCount "57"]
[EventDate "2017.10.08"]
[EventType "team-tourn"]
[EventRounds "11"]
[EventCountry "SVK"]
[SourceTitle "EXT 2020"]
[Source "ChessBase"]
[SourceDate "2019.10.17"]
[SourceVersion "1"]
[SourceVersionDate "2019.10.17"]
[SourceQuality "1"]
[WhiteTeam "Cifer"]
[BlackTeam "Dunajska Streda II"]
[WhiteTeamCountry "SVK"]
[BlackTeamCountry "SVK"]

1. e4 e6 2. d3 d5 3. Qe2 Nf6 4. Nf3 Be7 5. g3 b6 6. e5 Nfd7 7. Bg2 c5 8. c3 Nc6 9. 0-0 0-0 10. Re1 Bb7 11. h4 a6 12. Bf4 b5 13. Nbd2 a5 14. a3 b4 15. c4 Nb6 16. Nf1 Qc7 17. Ne3 dxc4 18. dxc4 Rfd8 19. Ng4 Ba6 20. b3 a4 21. Nd2 axb3 22. Nf6+ Kf8 23. Nxh7+ Ke8 24. Nf6+ gxf6 25. exf6 Bd6 26. Qg4 Nd7 27. Rxe6+ fxe6 28. Qxe6+ Ne7 29. f7+ 1-0

[Event "SVK-chT3A2 1718"]
[Site "Slovakia"]
[Date "2017.11.05"]
[Round "3.5"]
[White "Krist, Milan"]
[Black "Vlkovic, Pavol"]
[Result "1-0"]
[WhiteElo "1817"]
[BlackElo "1802"]
[PlyCount "67"]
[EventDate "2017.10.08"]
[EventType "team-tourn"]
[EventRounds "11"]
[EventCountry "SVK"]
[SourceTitle "EXT 2020"]
[Source "ChessBase"]
[SourceDate "2019.10.17"]
[SourceVersion "1"]
[SourceVersionDate "2019.10.17"]
[SourceQuality "1"]
[WhiteTeam "Trnava Lokomotiva III"]
[BlackTeam "Cifer"]
[WhiteTeamCountry "SVK"]
[BlackTeamCountry "SVK"]

1. d4 d6 2. c4 Nd7 3. Nc3 c6 4. Nf3 Ngf6 5. e4 e5 6. dxe5 dxe5 7. Be2 Qc7 8. 0-0 Be7 9. Bg5 Nf8 10. h3 Ng6 11. Rc1 h6 12. Be3 Be6 13. Nd5 Bxd5 14. cxd5 0-0 15. dxc6 bxc6 16. Qc2 Rfb8 17. Bc4 Bb4 18. Rfd1 a5 19. Bd3 Bf8 20. Nd2 Nh5 21. Be2 Nhf4 22. Bf1 Ne7 23. b3 g5 24. Bc5 Ne6 25. Nf3 Nxc5 26. Qxc5 Bg7 27. Rd2 Rd8 28. Rcd1 Rxd2 29. Rxd2 Ng6 30. Rc2 Ne7 31. Rd2 Ng6 32. Qd6 Ra7 33. Bc4 Bf8 34. Qxg6+ 1-0

[Event "SVK-chT4 A22 1617"]
[Site "Slovakia"]
[Date "2016.11.20"]
[Round "4.4"]
[White "Vlkovic, Pavol"]
[Black "Petras, Stefan"]
[Result "1-0"]
[WhiteElo "1789"]
[BlackElo "1734"]
[PlyCount "49"]
[EventDate "2016.10.09"]
[EventType "team-tourn"]
[EventRounds "11"]
[EventCountry "SVK"]
[SourceTitle "EXT 2020"]
[Source "ChessBase"]
[SourceDate "2019.10.17"]
[SourceVersion "1"]
[SourceVersionDate "2019.10.17"]
[SourceQuality "1"]

1. e4 c5 2. d4 cxd4 3. c3 dxc3 4. Nxc3 e6 5. Bc4 Nc6 6. a3 a6 7. Nf3 Be7 8. 0-0 Bf6 9. Qe2 Qc7 10. Be3 b5 11. Ba2 Nge7 12. Rac1 Qb8 13. Rfd1 0-0 14. Bc5 Bxc3 15. Rxc3 Re8 16. Bd6 Qb7 17. h4 h6 18. h5 Kh8 19. Nh4 Ng8 20. Qf3 Nd8 21. Be5 b4 22. Rc7 Qb5 23. Qg3 f6 24. Bc4 Qxe5 25. Ng6+ 1-0

[Event "Bratislava Slovan op"]
[Site "Bratislava"]
[Date "2016.05.05"]
[Round "7"]
[White "Zacka, Ladislav"]
[Black "Vlkovic, Pavol"]
[Result "0-1"]
[WhiteElo "1737"]
[BlackElo "1781"]
[PlyCount "140"]
[EventDate "2016.04.30"]
[EventType "swiss"]
[EventRounds "9"]
[EventCountry "SVK"]
[SourceTitle "EXT 2017"]
[Source "ChessBase"]
[SourceDate "2016.10.25"]
[SourceVersion "1"]
[SourceVersionDate "2016.10.25"]
[SourceQuality "1"]

1. d4 Nf6 2. Nf3 g6 3. g3 Bg7 4. Bg2 d6 5. 0-0 0-0 6. b3 Nbd7 7. Bb2 c5 8. d5 b5 9. c4 bxc4 10. bxc4 Rb8 11. Qc2 Rxb2 12. Qxb2 Ne4 13. Qc2 Nxg3 14. hxg3 Bxa1 15. Nc3 Bxc3 16. Qxc3 Nb6 17. Nd2 Na4 18. Qc2 Qa5 19. Rc1 Bd7 20. Be4 Rb8 21. Nb3 Qd8 22. Kg2 Qf8 23. Rh1 Qg7 24. Qd2 Nb2 25. Qa5 Ba4 26. Qxa7 Qf8 27. Nd2 Bd1 28. e3 Be2 29. Rc1 Rb4 30. Bb1 Bxc4 31. Nxc4 Rxc4 32. Rxc4 Nxc4 33. Qa4 Nb6 34. Qc6 Nc4 35. a4 Qb8 36. Ba2 Ne5 37. Qa6 Qb2 38. Bc4 Kg7 39. Bf1 Qc2 40. Be2 Qe4+ 41. f3 Qxd5 42. Qb5 Qc6 43. a5 c4 44. Qxc6 Nxc6 45. a6 d5 46. Kf2 Kf6 47. Ke1 Ke6 48. f4 Kd6 49. Bf3 e6 50. g4 Kc7 51. f5 gxf5 52. gxf5 Kb6 53. Bh5 Nd8 54. e4 d4 55. Bg4 Kxa6 56. Kd2 Kb5 57. Kc2 exf5 58. exf5 f6 59. Bf3 Nf7 60. Kd2 Kb4 61. Kc2 Nd6 62. Bg4 d3+ 63. Kd2 h5 64. Bxh5 Nxf5 65. Bd1 Nd4 66. Ke3 Kc3 67. Ba4 Nc2+ 68. Kf2 Kd2 69. Kf1 Kc1 70. Bxc2 Kxc2 0-1

[Event "Bratislava Slovan op"]
[Site "Bratislava"]
[Date "2016.05.01"]
[Round "3"]
[White "Hecht, Tomas"]
[Black "Vlkovic, Pavol"]
[Result "1-0"]
[WhiteElo "1986"]
[BlackElo "1781"]
[PlyCount "59"]
[EventDate "2016.04.30"]
[EventType "swiss"]
[EventRounds "9"]
[EventCountry "SVK"]
[SourceTitle "EXT 2017"]
[Source "ChessBase"]
[SourceDate "2016.10.25"]
[SourceVersion "1"]
[SourceVersionDate "2016.10.25"]
[SourceQuality "1"]

1. e4 Nf6 2. e5 Nd5 3. d4 d6 4. c4 Nb6 5. f4 dxe5 6. fxe5 Nc6 7. Be3 Bf5 8. Nf3 e6 9. Be2 Bb4+ 10. Nc3 Bg4 11. 0-0 0-0 12. Ne4 Be7 13. Qd2 Bb4 14. Qd1 Be7 15. a3 a5 16. Qd2 a4 17. Rad1 Na5 18. Qc3 Qe8 19. d5 Nd7 20. d6 cxd6 21. exd6 Bd8 22. c5 Nc6 23. Bb5 Ba5 24. Qc2 f5 25. Neg5 Bxf3 26. Nxf3 f4 27. Bf2 e5 28. Ng5 Qh5 29. h4 h6 30. Qh7# 1-0

[Event "SVK-chT4 A22 1516"]
[Site "Slovakia"]
[Date "2016.04.03"]
[Round "11.3"]
[White "Vlkovic, Pavol"]
[Black "Sandor, Stefan"]
[Result "1/2-1/2"]
[WhiteElo "1781"]
[BlackElo "1608"]
[PlyCount "93"]
[EventDate "2015.10.04"]
[EventType "team-tourn"]
[EventRounds "11"]
[EventCountry "SVK"]
[SourceTitle "EXT 2020"]
[Source "ChessBase"]
[SourceDate "2019.10.17"]
[SourceVersion "1"]
[SourceVersionDate "2019.10.17"]
[SourceQuality "1"]

1. e4 e5 2. Nf3 Nc6 3. Bc4 Nf6 4. d3 Be7 5. h3 0-0 6. c3 d6 7. 0-0 a6 8. Bb3 b6 9. Re1 Bb7 10. Nbd2 d5 11. exd5 Nxd5 12. Nxe5 Nxe5 13. Rxe5 Nf4 14. Ne4 Nxd3 15. Rxe7 Qxe7 16. Ng5 Nxc1 17. Qxc1 Rad8 18. Qf4 h6 19. Nf3 Bxf3 20. Qxf3 Rd2 21. Kf1 Re8 22. Kg1 Kh8 23. Qf4 Re2 24. Bc4 Re1+ 25. Rxe1 Qxe1+ 26. Kh2 Qe5 27. Qxe5 Rxe5 28. Bxa6 g5 29. Kg3 Kg7 30. f3 Rd5 31. b4 c5 32. Bc4 Rd2 33. bxc5 bxc5 34. a4 Rc2 35. Bb5 Rxc3 36. Kg4 Ra3 37. Kf5 c4 38. Bxc4 Rxa4 39. Bd3 Ra5+ 40. Kg4 Ra2 41. g3 Ra4+ 42. Be4 f6 43. h4 gxh4 44. gxh4 Ra5 45. Kf4 Rh5 46. Kg4 Re5 47. Kf4 1/2-1/2

[Event "SVK-chT3A2 1516"]
[Site "Slovakia"]
[Date "2016.03.20"]
[Round "10.2"]
[White "Vlkovic, Pavol"]
[Black "Vagovic, Milan"]
[Result "0-1"]
[WhiteElo "1803"]
[BlackElo "1612"]
[PlyCount "132"]
[EventDate "2015.10.11"]
[EventType "team-tourn"]
[EventRounds "11"]
[EventCountry "SVK"]
[SourceTitle "EXT 2020"]
[Source "ChessBase"]
[SourceDate "2019.10.17"]
[SourceVersion "1"]
[SourceVersionDate "2019.10.17"]
[SourceQuality "1"]
[WhiteTeam "Cifer"]
[BlackTeam "Modranka Komplet"]
[WhiteTeamCountry "SVK"]
[BlackTeamCountry "SVK"]

1. e4 c5 2. d3 d6 3. h3 Nf6 4. Nf3 Nc6 5. c3 e5 6. g3 Be7 7. Bg2 0-0 8. 0-0 Qc7 9. Re1 Bd7 10. Nbd2 b5 11. Nf1 Qc8 12. Kh2 a5 13. a3 Rb8 14. Ne3 Be6 15. Nh4 g6 16. Nd5 Bxd5 17. exd5 Nd8 18. Bh6 Re8 19. Rc1 Bf8 20. Bxf8 Rxf8 21. Qd2 Nh5 22. Bf3 Ng7 23. d4 f6 24. g4 Nf7 25. Be4 Ng5 26. Bg2 Nf7 27. f4 exf4 28. Re7 Rb7 29. Rce1 Re8 30. Rxe8+ Nxe8 31. dxc5 dxc5 32. Re6 Ng5 33. Rc6 Qb8 34. d6 f3 35. Qd5+ Nf7 36. Bxf3 Nexd6 37. Kg2 Kg7 38. Qxc5 Qd8 39. Ra6 Re7 40. Qd4 Re1 41. b4 a4 42. Ra7 Re7 43. Ra6 Rc7 44. g5 Rc4 45. Qxf6+ Qxf6 46. gxf6+ Kxf6 47. Bd5 Rxh4 48. Bxf7 Kxf7 49. Rxd6 Rc4 50. Rd3 Ke6 51. Kf2 g5 52. Ke2 h5 53. Kd2 Ke5 54. Rg3 g4 55. hxg4 Rxg4 56. Rh3 h4 57. Rf3 Kd5 58. Rf5+ Kc4 59. Rc5+ Kb3 60. Rxb5 Rg2+ 61. Ke1 h3 62. Kf1 Rc2 63. Kg1 Kxa3 64. Rc5 Kb2 65. c4 a3 66. Ra5 Rxc4 0-1

[Event "SVK-chT3A2 1516"]
[Site "Slovakia"]
[Date "2016.03.06"]
[Round "9.5"]
[White "Vlkovic, Pavol"]
[Black "Zlamal, Marek"]
[Result "0-1"]
[WhiteElo "1803"]
[BlackElo "1697"]
[PlyCount "84"]
[EventDate "2015.10.11"]
[EventType "team-tourn"]
[EventRounds "11"]
[EventCountry "SVK"]
[SourceTitle "EXT 2020"]
[Source "ChessBase"]
[SourceDate "2019.10.17"]
[SourceVersion "1"]
[SourceVersionDate "2019.10.17"]
[SourceQuality "1"]
[WhiteTeam "Cifer"]
[BlackTeam "Skalica II"]
[WhiteTeamCountry "SVK"]
[BlackTeamCountry "SVK"]

1. e4 c5 2. d4 cxd4 3. c3 dxc3 4. Nxc3 e6 5. Nf3 Bb4 6. Bc4 Ne7 7. 0-0 Bxc3 8. bxc3 d5 9. exd5 Nxd5 10. Qb3 Ne7 11. Rd1 Qc7 12. Ba3 Nbc6 13. Bd6 Qa5 14. Bb5 a6 15. Bd3 0-0 16. Qc2 h6 17. Nd2 Qd8 18. Nc4 b5 19. Ne3 f5 20. Ba3 Qc7 21. Be2 Bb7 22. Bd6 Qc8 23. a4 bxa4 24. Nc4 Qe8 25. Rab1 Nd8 26. Nb6 Ra7 27. Bb8 Be4 28. Bd3 Bxd3 29. Qxd3 Rb7 30. Be5 Nf7 31. Bg3 Qc6 32. Nc4 Rxb1 33. Rxb1 Rd8 34. Qe2 Nd5 35. Be5 Nxe5 36. Nxe5 Qxc3 37. g3 a3 38. Nc4 e5 39. f4 Nb4 40. Nxe5 a2 41. Rf1 a1Q 42. Ng6 Qc5+ 0-1